[Event "27th Czech Open A 2016"]
[Site "Pardubice CZE"]
[Date "2016.07.27"]
[Round "6.14"]
[White "Jakubowski, Krzysztof"]
[Black "Vetoshko, Volodymyr"]
[Result "0-1"]
[WhiteTitle "GM"]
[BlackTitle "IM"]
[WhiteElo "2557"]
[BlackElo "2430"]
[WhiteFideId "1112848"]
[BlackFideId "14122480"]
[EventDate "2016.07.22"]

1. e4 e5 2. Nf3 Nc6 3. Bb5 Nf6 4. O-O Nxe4 5. d4 Nd6 6. Bxc6 dxc6 7. dxe5 Nf5 8.
Qxd8+ Kxd8 9. Nc3 Ke8 10. Rd1 Be7 11. Ne2 b6 12. Bg5 c5 13. Nc3 Bd7 14. Bxe7
Nxe7 15. Rd2 Bc6 16. Rad1 h5 17. Ng5 Rh6 18. h4 Nf5 19. Nd5 Rc8 20. Nf4 Nd4 21.
c3 Ne6 22. Ngxe6 fxe6 23. Rd3 Kf7 24. Rg3 a5 25. Rg5 a4 26. f3 a3 27. bxa3 g6
28. c4 Be8 29. g4 hxg4 30. fxg4 Ra8 31. h5 gxh5 32. Nxh5 Rg6 33. Rxg6 Kxg6 34.
Nf4+ Kf7 35. Rd3 Ra4 36. Kf2 Rxc4 37. Kg3 Re4 38. Nh5 Rxe5 39. Kf4 Re1 40. Kg5
Ke7 41. Ng3 Rc1 42. Re3 c4 43. Ne4 c5 44. Rh3 Bc6 45. Nc3 b5 46. Kh6 b4 47. axb4
cxb4 48. Ne2 Re1 49. Nd4 Be4 50. g5 e5 0-1

[Event "27th Czech Open A 2016"]
[Site "Pardubice CZE"]
[Date "2016.07.27"]
[Round "6.15"]
[White "Chigaev, Maksim"]
[Black "Praggnanandhaa, R"]
[Result "0-1"]
[WhiteTitle "IM"]
[BlackTitle "FM"]
[WhiteElo "2549"]
[BlackElo "2429"]
[WhiteFideId "4108116"]
[BlackFideId "25059530"]
[EventDate "2016.07.22"]

1. Nf3 Nf6 2. g3 g6 3. b3 Bg7 4. Bb2 d5 5. Bg2 O-O 6. c4 c5 7. cxd5 Nxd5 8. Bxg7
Kxg7 9. O-O Nc6 10. Qc1 Qa5 11. Na3 Bg4 12. Nc4 Qc7 13. Qb2+ Nf6 14. e3 Rad8 15.
Nfe5 Nxe5 16. Nxe5 Be6 17. Rfc1 Qb6 18. Rc2 Bf5 19. e4 Be6 20. Rac1 Qb4 21. f3
Qd4+ 22. Qxd4 Rxd4 23. Bf1 b6 24. Kf2 Rd6 25. Ke3 Nd7 26. Nd3 a5 27. Be2 Nb8 28.
Nxc5 bxc5 29. Rxc5 Rfd8 30. Rxa5 Rxd2 31. Ra8 Rb2 32. Bb5 Bxb3 33. a4 Bc2 34.
Bc4 Rc8 35. Bd3 Rb3 36. Rxc2 Rxc2 37. Rxb8 Ra3 38. a5 Rcc3 39. Rd8 Rxa5 40. h4
Raa3 41. e5 Rc2 42. f4 Rg2 43. Kf3 Raa2 44. Rd7 e6 45. g4 Rh2 46. f5 Rh3+ 47.
Kf4 Ra4+ 48. Be4 exf5 49. gxf5 Rxh4+ 50. Kg5 Rh5+ 0-1

[Event "27th Czech Open A 2016"]
[Site "Pardubice CZE"]
[Date "2016.07.27"]
[Round "6.16"]
[White "Zakhartsov, Vladimir"]
[Black "Lintchevski, Daniil"]
[Result "0-1"]
[WhiteTitle "IM"]
[BlackTitle "GM"]
[WhiteElo "2429"]
[BlackElo "2548"]
[WhiteFideId "4145097"]
[BlackFideId "4171055"]
[EventDate "2016.07.22"]

1. e4 c6 2. d4 d5 3. Nc3 dxe4 4. Nxe4 Bf5 5. Ng3 Bg6 6. Nf3 e6 7. Bd3 Nf6 8. O-O
Be7 9. c3 O-O 10. Bg5 Bxd3 11. Qxd3 Nbd7 12. Rfe1 h6 13. Bxf6 Nxf6 14. Ne4 c5
15. Nxf6+ Bxf6 16. Qb5 cxd4 17. cxd4 Qb6 18. Qxb6 axb6 19. Rec1 Rfd8 20. Rc4 b5
21. Rb4 Rd5 22. a3 Ra4 23. Rxa4 bxa4 24. Rc1 Bxd4 25. Nxd4 Rxd4 26. g3 b5 27.
Rc8+ Kh7 28. Rb8 Rd5 29. Rb7 Kg6 30. h4 Kf6 31. Kf1 g5 32. hxg5+ hxg5 33. Ke2 g4
34. Ke3 Rf5 35. Ke2 Kg6 36. Rb8 Rd5 37. Rc8 Re5+ 38. Kf1 Rd5 39. Ke2 Kf5 40. Ke3
Re5+ 41. Kd3 Kf6 42. Rg8 Rf5 43. Ke2 Rg5 44. Rc8 Re5+ 45. Kf1 Rd5 46. Ke2 Ke5
47. Ke3 Kd6 48. Rc3 Re5+ 49. Kd2 Rc5 50. Re3 Rf5 51. Re2 Re5 52. Rxe5 Kxe5 53.
Kc3 Kd5 0-1

[Event "27th Czech Open A 2016"]
[Site "Pardubice CZE"]
[Date "2016.07.27"]
[Round "6.17"]
[White "Kraus, Tomas"]
[Black "Zakhartsov, Viacheslav V."]
[Result "0-1"]
[WhiteTitle "FM"]
[BlackTitle "GM"]
[WhiteElo "2426"]
[BlackElo "2532"]
[WhiteFideId "331708"]
[BlackFideId "4115333"]
[EventDate "2016.07.22"]

1. Nf3 Nf6 2. c4 b6 3. g3 c5 4. Bg2 Bb7 5. Nc3 e6 6. O-O Be7 7. d4 cxd4 8. Qxd4
d6 9. Bg5 a6 10. Bxf6 Bxf6 11. Qf4 O-O 12. Rfd1 Be7 13. Ne4 Bxe4 14. Qxe4 Ra7
15. Nd4 Rc7 16. Rd2 Qc8 17. b3 Re8 18. Rad1 Bf8 19. a4 Nd7 20. Qb1 Nf6 21. Qa2
Rd8 22. e3 d5 23. Nc2 Be7 24. cxd5 Nxd5 25. Bxd5 Rxd5 26. Rxd5 exd5 27. Nd4 Bf6
28. Kg2 g6 29. Qe2 Rc3 30. Qf3 Bxd4 31. Rxd4 Rxb3 32. Qxd5 Rc3 33. Qg5 Qc6+ 34.
e4 Rc5 35. Rd8+ Kg7 36. Qe7 Kh6 37. Qf8+ Kh5 38. Re8 Qf6 39. h4 Kg4 40. Rc8 Qf3+
41. Kf1 Kh3 0-1

[Event "27th Czech Open A 2016"]
[Site "Pardubice CZE"]
[Date "2016.07.27"]
[Round "6.18"]
[White "Novikov, Stanislav"]
[Black "Domogaev, Sergey"]
[Result "1-0"]
[WhiteTitle "GM"]
[BlackTitle "GM"]
[WhiteElo "2528"]
[BlackElo "2419"]
[WhiteFideId "4125371"]
[BlackFideId "24103608"]
[EventDate "2016.07.22"]

1. Nf3 Nf6 2. c4 g6 3. b3 Bg7 4. Bb2 d6 5. d4 O-O 6. g3 e5 7. dxe5 Ng4 8. Nc3
Nxe5 9. Bg2 Nbd7 10. O-O f5 11. Qd2 h6 12. Nd4 Nf6 13. f4 Nf7 14. e4 c6 15. Rae1
Re8 16. exf5 Bxf5 17. Nxf5 gxf5 18. Rxe8+ Qxe8 19. Qd3 Qd7 20. Nd1 Ne8 21. Bh3
Bxb2 22. Bxf5 Qe7 23. Nxb2 d5 24. cxd5 cxd5 25. Qd4 Nf6 26. Nd3 Nd6 27. Bh3 Nb5
28. Qe5 Re8 29. Re1 Qd8 30. Be6+ Kg7 31. f5 Qb6+ 32. Kg2 Qd4 33. Nf4 Qxe5 34.
Rxe5 Nc3 35. Kf3 b6 36. g4 d4 37. h4 Rd8 38. Bc4 Ng8 39. Ne6+ 1-0

[Event "27th Czech Open A 2016"]
[Site "Pardubice CZE"]
[Date "2016.07.27"]
[Round "6.19"]
[White "Cvek, Robert"]
[Black "Bilguun, Sumiya"]
[Result "1/2-1/2"]
[WhiteTitle "GM"]
[BlackTitle "FM"]
[WhiteElo "2522"]
[BlackElo "2419"]
[WhiteFideId "307424"]
[BlackFideId "4901541"]
[EventDate "2016.07.22"]

1. c4 e6 2. d4 d5 3. Nf3 c6 4. Qc2 Nf6 5. g3 dxc4 6. Qxc4 b5 7. Qc2 Bb7 8. Bg2
Nbd7 9. Ne5 Qb6 10. Nxd7 Nxd7 11. O-O c5 12. Bxb7 Qxb7 13. Qc3 Rc8 14. dxc5 Rxc5
15. Qb3 Be7 16. Be3 Rc8 17. a4 b4 18. Nd2 O-O 19. Rac1 h6 20. Rfd1 Ne5 21. Nc4
Nxc4 22. Rxc4 Rxc4 23. Qxc4 Bf6 24. b3 Rc8 25. Qb5 Qxb5 26. axb5 Rb8 27. Bxa7
Rxb5 28. Rd3 Ra5 29. Bd4 e5 30. Bb6 Ra1+ 31. Kg2 e4 32. Re3 Rb1 33. Rxe4 Rxb3
34. Bd4 Bxd4 35. Rxd4 g6 36. g4 Kg7 37. h4 Rb1 38. g5 hxg5 39. hxg5 Kf8 40. Re4 1/2-1/2

[Event "27th Czech Open A 2016"]
[Site "Pardubice CZE"]
[Date "2016.07.27"]
[Round "6.20"]
[White "Stella, Andrea"]
[Black "Alsina Leal, Daniel"]
[Result "0-1"]
[WhiteTitle "IM"]
[BlackTitle "GM"]
[WhiteElo "2409"]
[BlackElo "2521"]
[WhiteFideId "827061"]
[BlackFideId "2252627"]
[EventDate "2016.07.22"]

1. d4 d5 2. c4 c6 3. Nf3 Nf6 4. Nc3 e6 5. e3 Nbd7 6. Qc2 Bd6 7. Be2 O-O 8. O-O
dxc4 9. a4 b6 10. Bxc4 Bb7 11. Rd1 Qc7 12. e4 e5 13. h3 a6 14. Ba2 b5 15. dxe5
Nxe5 16. Nd4 Ng6 17. Nf5 Bh2+ 18. Kh1 Be5 19. Be3 b4 20. Ne2 c5 21. f3 Rac8 22.
Bc4 Ne7 23. Nxe7+ Qxe7 24. Rd2 Bb8 25. Rad1 h6 26. Bf4 Bxf4 27. Nxf4 Kh8 28. Rd6
a5 29. Re6 Qc7 30. Rxf6 gxf6 31. Qc1 Kh7 32. Bd5 Rcd8 33. b3 f5 34. Nh5 Bxd5 35.
Nf6+ Kg6 36. Nxd5 Qe5 37. exf5+ Kh7 38. Qxc5 Kh8 39. Qxa5 Qe2 40. Rg1 Qe5 41.
Rd1 Rd6 42. Qxb4 Rfd8 43. Qe4 f6 44. Qh4 Rxd5 45. Qxh6+ Kg8 46. Qg6+ Kh8 47.
Qh6+ Kg8 48. Qg6+ Kf8 49. Qh6+ Kf7 50. Qh7+ Kf8 51. Qh8+ Ke7 52. Qg7+ Kd6 53.
Rxd5+ Kxd5 54. Qb7+ Kc5 55. b4+ Kc4 56. Qc6+ Kb3 57. Qe6+ Qxe6 58. fxe6 Kxb4 59.
f4 f5 60. g4 Kc5 0-1

[Event "27th Czech Open A 2016"]
[Site "Pardubice CZE"]
[Date "2016.07.27"]
[Round "6.21"]
[White "Gundavaa, Bayarsaikhan"]
[Black "Mohammad, Nubairshah Shaikh"]
[Result "1-0"]
[WhiteTitle "GM"]
[WhiteElo "2503"]
[BlackElo "2415"]
[WhiteFideId "4901045"]
[BlackFideId "5053196"]
[EventDate "2016.07.22"]

1. d4 d5 2. Bf4 Nf6 3. e3 c5 4. Nc3 e6 5. Nf3 a6 6. dxc5 Bxc5 7. Bd3 b5 8. e4 d4
9. Ne2 Bb7 10. Ng3 Qa5+ 11. Kf1 Nbd7 12. a3 Qb6 13. e5 Nd5 14. Bd2 Qc7 15. Qe2
N5b6 16. Re1 Rc8 17. b4 Bxf3 18. Qxf3 Bf8 19. Bf4 Nc4 20. Nf5 exf5 21. e6 Nde5
22. exf7+ Kxf7 23. Qd5+ Kf6 24. g4 fxg4 25. h4 gxh3 26. Rxh3 Bd6 27. Bg5+ Kxg5
28. f4+ Kf6 29. fxe5+ Bxe5 30. Rf3+ Kg5 31. Rf5+ Kh6 32. Qh1+ Bh2 33. Rh5+ Kxh5
34. Qf3+ Kh6 35. Qh3+ Kg5 36. Qf5+ Kh6 37. Re6+ g6 38. Rxg6+ 1-0

[Event "27th Czech Open A 2016"]
[Site "Pardubice CZE"]
[Date "2016.07.27"]
[Round "6.22"]
[White "Makoto, Rodwell"]
[Black "Yuffa, Daniil"]
[Result "0-1"]
[WhiteTitle "IM"]
[BlackTitle "IM"]
[WhiteElo "2406"]
[BlackElo "2502"]
[WhiteFideId "11000120"]
[BlackFideId "24131423"]
[EventDate "2016.07.22"]

1. Nf3 g6 2. c4 Bg7 3. g3 Nf6 4. Bg2 O-O 5. O-O d6 6. d4 Nbd7 7. Nc3 e5 8. e4 c6
9. h3 Qb6 10. Re1 exd4 11. Nxd4 Ng4 12. Qxg4 Qxd4 13. Bf1 Nb6 14. Qg5 Nxc4 15.
Rd1 Ne5 16. Qe3 Qc5 17. Qxc5 dxc5 18. Kg2 Be6 19. f4 Nd7 20. g4 Nb6 21. Be3 Nc4
22. Bxc5 Nxb2 23. Bxf8 Bxc3 24. Rdc1 Na4 25. Be7 Re8 26. Bh4 Bxa1 27. Rxa1 Nc3
28. Bd3 b5 29. Bf6 Bc4 30. Bc2 0-1

[Event "27th Czech Open A 2016"]
[Site "Pardubice CZE"]
[Date "2016.07.27"]
[Round "6.24"]
[White "Roubalik, Jakub"]
[Black "Gutman, Gennadi"]
[Result "1/2-1/2"]
[BlackTitle "GM"]
[WhiteElo "2397"]
[BlackElo "2473"]
[WhiteFideId "322237"]
[BlackFideId "14102277"]
[EventDate "2016.07.22"]

1. d4 e6 2. c4 Nf6 3. Nf3 Bb4+ 4. Bd2 a5 5. g3 d6 6. Bg2 Nbd7 7. O-O e5 8. Be3
O-O 9. h3 exd4 10. Bxd4 Re8 11. a3 Bc5 12. Nc3 c6 13. Qc2 Bxd4 14. Nxd4 Nb6 15.
Nd1 a4 16. Ne3 Qe7 17. Rfe1 g6 18. Rad1 Ra5 19. Bxc6 bxc6 20. Nxc6 Qd7 21. Nxa5
Rxe3 22. Qd2 Qxh3 23. Qxd6 Ng4 24. Qd8+ Kg7 25. Qh4 Qxh4 26. gxh4 Re5 27. Rd6
Rxa5 28. Rxb6 Ne5 29. Rc1 Be6 30. c5 Nd7 31. Rc6 Rb5 32. Rc7 Rxb2 33. c6 Ne5 34.
Re7 Nxc6 35. Rxc6 Rxe2 36. Ra6 Kf8 37. Rexe6 1/2-1/2

[Event "27th Czech Open A 2016"]
[Site "Pardubice CZE"]
[Date "2016.07.27"]
[Round "6.25"]
[White "Gavrilov, Alexei1"]
[Black "Sylvan, Jacob"]
[Result "1-0"]
[WhiteTitle "GM"]
[BlackTitle "FM"]
[WhiteElo "2465"]
[BlackElo "2342"]
[WhiteFideId "4104358"]
[BlackFideId "1402137"]
[EventDate "2016.07.22"]

1. d4 Nf6 2. c4 g6 3. Nc3 Bg7 4. e4 d6 5. Nf3 O-O 6. Be2 e5 7. O-O Nc6 8. d5 Ne7
9. a4 a5 10. Ne1 Nd7 11. Nd3 f5 12. f3 Kh8 13. Nb5 Ng8 14. Ra3 Ngf6 15. exf5
gxf5 16. Bg5 Rg8 17. f4 e4 18. Nf2 Nc5 19. Rh3 Bd7 20. Bh5 Be8 21. Bxe8 Qxe8 22.
Nxc7 Qe7 23. Nxa8 e3 24. Nb6 exf2+ 25. Rxf2 Nce4 26. Rc2 Qc7 27. c5 dxc5 28. Nc4
Ng4 29. Ne3 Qb6 30. Nxg4 fxg4 31. Qxg4 Bd4+ 32. Kh1 Qg6 33. Qd1 Nxg5 34. fxg5
Re8 35. Rd2 Re4 36. Rf3 Qh5 37. Re2 Be5 38. h3 1-0

[Event "27th Czech Open A 2016"]
[Site "Pardubice CZE"]
[Date "2016.07.27"]
[Round "6.26"]
[White "Kulon, Klaudia"]
[Black "Frolov, Artur"]
[Result "0-1"]
[WhiteTitle "WGM"]
[BlackTitle "IM"]
[WhiteElo "2334"]
[BlackElo "2455"]
[WhiteFideId "1131044"]
[BlackFideId "14100134"]
[EventDate "2016.07.22"]

1. e4 c5 2. Nf3 Nc6 3. d4 cxd4 4. Nxd4 e5 5. Nb5 a6 6. Nd6+ Bxd6 7. Qxd6 Qe7 8.
Qd1 Nf6 9. Nc3 d6 10. Bg5 Be6 11. Nd5 Bxd5 12. exd5 Nb8 13. c4 h6 14. Be3 O-O
15. Be2 Nbd7 16. O-O Nh7 17. Qd2 f5 18. f3 Ng5 19. Bd3 f4 20. Bf2 e4 21. fxe4 f3
22. Bg3 Ne5 23. Kh1 fxg2+ 24. Kxg2 Nxc4 25. Qe2 Ne5 26. Bc2 Ngf3 27. Rad1 Qg5
28. Kh1 Rf6 29. Bxe5 Nxe5 30. Rf5 Rxf5 31. exf5 Rc8 32. Rf1 Qg4 33. Qf2 Qc4 34.
Bb3 Qe4+ 35. Qg2 Qxg2+ 36. Kxg2 Kf7 37. Kg3 Kf6 38. Kf4 b5 39. Rg1 a5 40. Rg3
Rc1 41. Rc3 a4 42. Rxc1 Nd3+ 43. Ke3 Nxc1 44. Bc2 Nxa2 45. Kd4 Nb4 46. Be4 Na6
47. Kc3 Ke5 48. Bd3 b4+ 49. Kc4 Nc5 50. Bb1 b3 51. h3 Ne4 52. Kb4 Nc5 53. Kc4
Kf4 54. Kb5 Ke3 55. Kc6 Ne4 56. Kd7 Nd2 57. Kxd6 Nxb1 58. Ke7 Nc3 59. d6 Nd5+ 0-1

[Event "27th Czech Open A 2016"]
[Site "Pardubice CZE"]
[Date "2016.07.27"]
[Round "6.27"]
[White "Gusain, Himal"]
[Black "Pultinevicius, Paulius"]
[Result "1-0"]
[WhiteElo "2453"]
[BlackElo "2325"]
[WhiteFideId "5033861"]
[BlackFideId "12809390"]
[EventDate "2016.07.22"]

1. e4 e5 2. Nf3 Nf6 3. Nxe5 d6 4. Nf3 Nxe4 5. Nc3 Nxc3 6. dxc3 Be7 7. Be3 Nc6 8.
Qd2 h6 9. O-O-O Be6 10. Kb1 a6 11. Nd4 Nxd4 12. Bxd4 O-O 13. g4 Bf6 14. Rg1 Bxd4
15. cxd4 Bd5 16. g5 hxg5 17. Rxg5 Bf3 18. Rc1 Qf6 19. Bd3 g6 20. Rcg1 Qxd4 21.
R5g3 Bh5 22. Rh3 Bg4 23. Rh4 f5 24. h3 Qf6 25. Bc4+ 1-0

[Event "27th Czech Open A 2016"]
[Site "Pardubice CZE"]
[Date "2016.07.27"]
[Round "6.28"]
[White "Vyskocil, Neklan"]
[Black "Hirneise, Tobias"]
[Result "1/2-1/2"]
[WhiteTitle "IM"]
[BlackTitle "IM"]
[WhiteElo "2323"]
[BlackElo "2452"]
[WhiteFideId "307106"]
[BlackFideId "24600881"]
[EventDate "2016.07.22"]

1. d4 d5 2. c4 c6 3. cxd5 cxd5 4. Nc3 Nf6 5. Bf4 Nc6 6. e3 Bg4 7. Qb3 Na5 8.
Qa4+ Bd7 9. Bb5 Nc6 10. Nf3 e6 11. Ne5 Nxe5 12. Bxe5 Be7 13. O-O Bxb5 14. Qxb5+
Qd7 15. Rfc1 Rc8 16. f3 Rc6 17. Rc2 O-O 18. Qd3 Rfc8 19. Rac1 Rc4 20. b3 R4c6
21. Na4 Ba3 22. Rxc6 Rxc6 23. Rxc6 Qxc6 24. Qc3 Nd7 25. Qxc6 bxc6 26. Bc7 Kf8
27. Kf2 Ke7 28. Ke2 f6 1/2-1/2

[Event "27th Czech Open A 2016"]
[Site "Pardubice CZE"]
[Date "2016.07.27"]
[Round "6.29"]
[White "Malakhov, Igor"]
[Black "Bebel, Arkadiusz"]
[Result "1-0"]
[WhiteTitle "IM"]
[BlackTitle "FM"]
[WhiteElo "2451"]
[BlackElo "2298"]
[WhiteFideId "4183088"]
[BlackFideId "1132679"]
[EventDate "2016.07.22"]

1. e4 d6 2. d4 Nf6 3. Nc3 e5 4. dxe5 dxe5 5. Qxd8+ Kxd8 6. Bg5 Be6 7. O-O-O+ Nd7
8. f4 exf4 9. Nf3 h6 10. Bxf4 Bc5 11. Be2 Ng4 12. Ne5 Nxe5 13. Bxe5 f6 14. Bg3
c6 15. Rhe1 Bb4 16. Bh5 Kc8 17. a3 Bc5 18. b4 Bf8 19. Nd5 Ne5 20. Nf4 Bf7 21.
Bxf7 Nxf7 22. Ng6 Rg8 23. e5 Nxe5 24. Nxe5 fxe5 25. Rxe5 1-0

[Event "27th Czech Open A 2016"]
[Site "Pardubice CZE"]
[Date "2016.07.27"]
[Round "6.30"]
[White "Kulkarni, Rakesh"]
[Black "Nguyen, Thai Dai Van"]
[Result "1/2-1/2"]
[BlackTitle "FM"]
[WhiteElo "2296"]
[BlackElo "2445"]
[WhiteFideId "5037077"]
[BlackFideId "358878"]
[EventDate "2016.07.22"]

1. e4 c5 2. c3 Nf6 3. e5 Nd5 4. d4 cxd4 5. Nf3 e6 6. cxd4 b6 7. Bc4 Ba6 8. Bxa6
Nxa6 9. O-O Be7 10. Nbd2 O-O 11. Ne4 Nac7 12. Bg5 Bxg5 13. Nfxg5 f6 14. Nf3 f5
15. Nd6 Ne8 16. Nxe8 Qxe8 17. Rc1 Rc8 18. Qa4 a5 19. Qb5 Qe7 20. a3 Qd8 21. Nd2
Rxc1 22. Rxc1 Qg5 23. Rc2 Qg4 24. Nf3 Nf4 25. Qf1 h5 26. Kh1 h4 27. Ng1 h3 28.
g3 Ng2 29. Qe2 Qxd4 30. Rd2 Qe4 31. Qxe4 fxe4 32. Re2 e3 33. f3 g5 34. Nxh3 Nf4
35. gxf4 gxf4 36. Rg2+ Kh7 37. Rc2 b5 38. Kg2 Kg6 39. Rc7 Rf7 40. a4 bxa4 41.
Rc4 d5 42. Rxa4 Rc7 43. Nxf4+ Kf5 44. Nd3 Rc2+ 45. Kg3 Rd2 46. Rf4+ Kg6 47. Rg4+
Kf7 48. Rd4 Rd1 1/2-1/2

[Event "27th Czech Open A 2016"]
[Site "Pardubice CZE"]
[Date "2016.07.27"]
[Round "6.31"]
[White "Swicarz, Maciej"]
[Black "Shevchenko, Kirill"]
[Result "1/2-1/2"]
[BlackTitle "FM"]
[WhiteElo "2292"]
[BlackElo "2443"]
[WhiteFideId "1113585"]
[BlackFideId "14129574"]
[EventDate "2016.07.22"]

1. e4 c5 2. Nf3 d6 3. d4 cxd4 4. Nxd4 Nf6 5. Nc3 a6 6. Be3 e5 7. Nb3 Be6 8. f3
h5 9. Qd2 Nbd7 10. O-O-O Rc8 11. Kb1 Be7 12. f4 b5 13. Bd3 Qc7 14. h3 h4 15.
Rhe1 Nb6 16. Bxb6 Qxb6 17. Nd5 Qa7 18. Bf1 Nxd5 19. exd5 Bf5 20. Bd3 Bxd3 21.
Qxd3 O-O 22. fxe5 dxe5 23. Rxe5 Rfd8 24. Rf1 Bf6 25. Rh5 g6 26. Rxf6 gxh5 27.
Rh6 Qg1+ 28. Nc1 Kf8 29. Qe4 Qf2 30. d6 Qd2 31. Qh7 Qd4 32. a3 Qg7 33. Rxh5 Qxh7
34. Rxh7 Kg8 35. Rxh4 Rxd6 36. Nd3 Kg7 37. Re4 Rc7 38. Re2 Rd4 39. b3 Rd6 40.
Kb2 Kf6 41. Nf4 Rd4 42. Nd3 Rd6 43. Nf4 Rd4 44. g3 Rc8 45. Nd3 Rh8 46. Nf2 Kg7
47. Kc3 Rd6 48. Kb4 Rc6 49. a4 Rhc8 50. axb5 axb5 51. Re7 Rxc2 52. Ne4 Re2 53.
Rxf7+ Kxf7 54. Nd6+ Ke6 55. Nxc8 Re3 56. Na7 Rxg3 57. Nxb5 Rxh3 58. Kc4 Rxb3 59.
Kxb3 Ke5 1/2-1/2

[Event "27th Czech Open A 2016"]
[Site "Pardubice CZE"]
[Date "2016.07.27"]
[Round "6.32"]
[White "Gahan, M G"]
[Black "Lalic, Bogdan"]
[Result "1/2-1/2"]
[BlackTitle "GM"]
[WhiteElo "2249"]
[BlackElo "2436"]
[WhiteFideId "5027373"]
[BlackFideId "409081"]
[EventDate "2016.07.22"]

1. e4 c5 2. c3 Nf6 3. e5 Nd5 4. d4 cxd4 5. Nf3 d6 6. cxd4 Nc6 7. Bc4 dxe5 8.
dxe5 Ndb4 9. Qb3 e6 10. O-O Na5 11. Bb5+ Bd7 12. Qa4 Bxb5 13. Qxb5+ Nac6 14. Nc3
a6 15. Qe2 Qd3 16. Rd1 Qxe2 17. Nxe2 Nd5 18. a3 Be7 19. Nf4 Rd8 20. Nxd5 Rxd5 1/2-1/2

[Event "27th Czech Open A 2016"]
[Site "Pardubice CZE"]
[Date "2016.07.27"]
[Round "6.33"]
[White "Chekletsov, Ilya"]
[Black "Visakh, N R"]
[Result "0-1"]
[WhiteTitle "FM"]
[BlackTitle "IM"]
[WhiteElo "2223"]
[BlackElo "2431"]
[WhiteFideId "24177156"]
[BlackFideId "25012223"]
[EventDate "2016.07.22"]

1. d4 Nf6 2. c4 e6 3. Nf3 Bb4+ 4. Bd2 c5 5. Bxb4 cxb4 6. Qd3 O-O 7. Nbd2 d6 8.
e4 Nc6 9. Be2 e5 10. O-O Bg4 11. Bd1 Qb6 12. d5 Ne7 13. Ne1 Bxd1 14. Rxd1 Nd7
15. Qh3 Nc5 16. Nd3 Nxd3 17. Qxd3 a5 18. Rc1 a4 19. Kh1 Rac8 20. Nf3 h6 21. Nd2
f5 22. exf5 Nxf5 23. Ne4 Nd4 24. Qe3 b3 25. a3 Qa6 26. Nd2 b5 27. f4 Nc2 28. Qh3
exf4 29. Qe6+ Kh8 30. cxb5 Qxb5 31. Rxf4 Rxf4 32. Qxc8+ Kh7 33. Qe6 Qd3 34. Nf3
Rxf3 35. gxf3 Qxf3+ 36. Kg1 Ne3 0-1

[Event "27th Czech Open A 2016"]
[Site "Pardubice CZE"]
[Date "2016.07.27"]
[Round "6.34"]
[White "Kovalev, Andrei"]
[Black "Aguera Naredo, Javier"]
[Result "1-0"]
[WhiteTitle "GM"]
[BlackTitle "FM"]
[WhiteElo "2513"]
[BlackElo "2374"]
[WhiteFideId "13500023"]
[BlackFideId "2204169"]
[EventDate "2016.07.22"]

1. e4 e5 2. Nf3 Nc6 3. Bb5 a6 4. Ba4 Nf6 5. d3 b5 6. Bb3 Bc5 7. Nc3 d6 8. Nd5
Ng4 9. O-O Na5 10. d4 exd4 11. Bg5 f6 12. Bd2 c6 13. Bxa5 Qxa5 14. Nf4 Qb6 15.
h3 Nh6 16. Qd2 Qa7 17. a4 b4 18. Rad1 1-0

[Event "27th Czech Open A 2016"]
[Site "Pardubice CZE"]
[Date "2016.07.27"]
[Round "6.35"]
[White "Soumya, Swaminathan"]
[Black "Krejci, Jan2"]
[Result "0-1"]
[WhiteTitle "WGM"]
[BlackTitle "GM"]
[WhiteElo "2370"]
[BlackElo "2504"]
[WhiteFideId "5016193"]
[BlackFideId "322156"]
[EventDate "2016.07.22"]

1. e4 e5 2. Nf3 Nc6 3. Bb5 a6 4. Ba4 Nf6 5. O-O Be7 6. d3 d6 7. c3 O-O 8. Nbd2
b5 9. Bc2 d5 10. Re1 d4 11. cxd4 exd4 12. Nb3 Bg4 13. h3 Bh5 14. Qe2 Re8 15. Bd1
Nd7 16. g4 Bg6 17. Bf4 Nf8 18. Rc1 Ne6 19. Bg3 Qd7 20. a3 Bd6 21. e5 Be7 22.
Nfd2 Bg5 23. Nc5 Nxc5 24. Rxc5 Nd8 25. Rc2 Ne6 26. Ne4 Bf4 27. Bxf4 Nxf4 28. Qf3
Bxe4 29. Rxe4 Ne6 30. Qg3 c5 31. Re1 Rac8 32. b3 Qd5 33. Rc1 g5 34. h4 h6 35.
hxg5 hxg5 36. Qf3 Qxf3 37. Bxf3 Nf4 38. Red1 Rxe5 39. b4 Kf8 40. Kf1 Rc7 41. Rd2
Ke7 42. Bd1 Kd6 43. Bb3 f6 44. Bd1 Ree7 45. Ra1 Kc6 46. Bf3+ Kb6 47. Kg1 Re8 48.
bxc5+ Rxc5 49. Be4 Rec8 50. Rdd1 Rc1 51. Rdxc1 Rxc1+ 52. Rxc1 Ne2+ 53. Kf1 Nxc1
54. Ke1 Na2 55. Kd2 Nc3 56. Bf3 Nb1+ 57. Kc2 Nxa3+ 58. Kb3 Nb1 0-1

[Event "27th Czech Open A 2016"]
[Site "Pardubice CZE"]
[Date "2016.07.27"]
[Round "6.36"]
[White "Sindarov, Javokhir"]
[Black "Pardo Simon, David"]
[Result "1/2-1/2"]
[WhiteTitle "CM"]
[BlackTitle "IM"]
[WhiteElo "2374"]
[BlackElo "2492"]
[WhiteFideId "14205483"]
[BlackFideId "2296276"]
[EventDate "2016.07.22"]

1. e4 c5 2. Nc3 Nc6 3. g3 g6 4. Bg2 Bg7 5. d3 d6 6. Be3 Nd4 7. h3 e6 8. Qd2 Ne7
9. Nd1 O-O 10. c3 Ndc6 11. Ne2 b6 12. O-O d5 13. exd5 Nxd5 14. Bh6 Bxh6 15. Qxh6
Ba6 16. c4 Nde7 17. Ne3 Rc8 18. Rad1 Nd4 19. Nc3 Nef5 20. Qf4 Qc7 21. Nxf5 Nxf5
22. Qg5 Nd4 23. Qf6 Qd8 24. Qe5 Rc7 25. Ne2 Nxe2+ 26. Qxe2 Rd7 27. Rfe1 Rd4 28.
Qc2 Qd7 29. Re4 Rd6 30. Re3 Rd8 31. b3 Rd4 32. Qb2 Bc8 33. Kh2 Qd6 34. Qe2 h5
35. Kg1 h4 36. g4 a5 37. a4 Kg7 38. Kh1 Rd7 39. Be4 Kf8 40. Kg1 Ke7 41. Qf3 Kd8
42. Qf6+ Kc7 43. Qxh4 f5 44. Bg2 Rf7 45. Qg5 fxg4 46. hxg4 Rdf4 47. Rd2 Bb7 48.
Bxb7 Kxb7 49. Re4 R7f6 50. Kg2 Rf3 51. Qe5 Qf8 52. Ree2 1/2-1/2